Most Populous Islands by Letter - Statistics

General Stats
  • This quiz has been taken 27 times
  • The average score is 13 of 22
Answer Stats
Letter Population Answer % Correct
J 156.9 mil Java
100%
H 102.8 mil Honshu
92%
M 32.0 mil Madagascar
92%
B 23.7 mil Borneo
88%
G 66.3 mil Great Britain
85%
L 64.3 mil Luzon
85%
T 23.9 mil Taiwan
85%
I 7.0 mil Ireland
81%
S 60.8 mil Sumatra
81%
C 10.1 mil Cuba
77%
K 12.3 mil Kyushu
73%
N 14.8 mil New Guinea
65%
R 863k Réunion
46%
F 1.8 mil Flores
42%
O 1.3 mil Okinawa
42%
V 870k Vancouver Island
42%
X 2.1 mil Xiamen Island
35%
A 441k Ambon
19%
P 4.7 mil Panay
15%
U 1.3 mil Unguja
8%
Z 2.9 mil Zhongshan Island
4%
Y 335k Yangzhong
0%
No matching quizzes found
Score Distribution
Percent of People with Each Score
Percentile by Number Answered
Your Score History
You have not taken this quiz